Country Name Etymologies Click Quiz: B - Statistics

General Stats
  • This quiz has been taken 118 times
  • The average score is 12 of 17
Answer Stats
Hint Extra Hint Answer % Correct
Land of Bolivar Neo-Latin Bolivia
99%
Land of Brazil trees Portuguese Brazil
96%
Land of the Bulgars Proto-Turkic Bulgaria
96%
White Russia Belarusian Belarus
94%
Duchy of the river Bosna Latin / German Bosnia and Herzegovina
92%
Land of the Belgae Celtic Belgium
90%
Country of the Tswana Setswana Botswana
89%
Bengal land Sanskrit Bangladesh
88%
Land beside the Bight of Benin Portuguese Benin
86%
Land of the Ikirundi speakers Ikirundi Burundi
67%
Bearded ones Portuguese Barbados
63%
High land Sanskrit Bhutan
63%
The two seas Arabic Bahrain
53%
Large upper middle island Lucayan Bahamas
51%
Muddy water Mayan Belize
46%
Land of honest men More / Dioula Burkina Faso
44%
Abode of peace Arabic Brunei
29%
No matching quizzes found
Score Distribution
Percent of People with Each Score
Percentile by Number Answered
Your Score History
You have not taken this quiz